[Event "Valencia Real Provincial-ch"]
[Site "Ciudad Real"]
[Date "2010.04.11"]
[Round "2.6"]
[White "Gijon Fernandez, Domingo"]
[Black "Lopez Temprano, Clara"]
[Result "1-0"]
[WhiteElo "2070"]
[BlackElo "1665"]
[PlyCount "67"]
[EventDate "2010.04.11"]
[EventType "swiss"]
[EventRounds "6"]
[EventCountry "ESP"]
[SourceTitle "EXT 2024"]
[Source "ChessBase"]
[SourceDate "2023.10.10"]
[SourceVersion "1"]
[SourceVersionDate "2023.10.10"]
[SourceQuality "1"]

1. d4 Nf6 2. Nf3 g6 3. c4 Bg7 4. g3 d6 5. Bg2 0-0 6. 0-0 Nbd7 7. Qc2 e5 8. dxe5 dxe5 9. Rd1 Qe7 10. e4 Nc5 11. Nc3 Bd7 12. Nd5 Nxd5 13. cxd5 f5 14. Be3 Na6 15. Qb3 Qd6 16. Nd2 b5 17. f4 Kh8 18. Rac1 Rfc8 19. fxe5 Bxe5 20. Nf3 Bg7 21. e5 Qb4 22. e6 Be8 23. Nd4 Qxb3 24. axb3 Rab8 25. Ra1 Nb4 26. Rxa7 Kg8 27. Rc1 Be5 28. Ne2 Nd3 29. Rd1 Nxb2 30. Rd2 Kf8 31. Bc5+ Kg7 32. Bd4 Bxd4+ 33. Nxd4 Na4 34. bxa4 1-0